000 00400nam a2200145Ia 4500
008 210428s9999 xx 000 0 und d
020 _a1-56347-494-8
082 _a623.45 F593 T
100 _aEugene L.Fleeman
_952191
245 0 _aTactical Missile Design /
_cEugene L.Fleeman
260 _bALAA
_aAmerica
_c2001
300 _a267 P
440 _aAIAA Educational Series
_9127575
942 _cBK
_2ddc
999 _c559958
_d559958